|
|
|
|
| LEADER |
00000cam a2200000 7i4500 |
| 001 |
0000004186 |
| 005 |
20190108.0 |
| 020 |
0 |
0 |
|a 9789834619985
|
| 090 |
0 |
0 |
|a 363.709595
|b LES 2014
|
| 245 |
1 |
0 |
|a Pembangunan lestari di Malaysia :
|b harapan dan kenyataan
|c editor Chamhuri Siwar...[et.all]
|
| 260 |
0 |
0 |
|a Kuala Lumpur :
|b Dewan Bahasa dan Pustaka ,
|c 2014
|
| 300 |
|
|
|a ix,497 p. :
|b ill. ;
|c 21.5cm.
|
| 650 |
0 |
0 |
|a Environment management
|z Malaysia
|
| 650 |
0 |
0 |
|a Environment protection
|z Malaysia
|
| 650 |
0 |
0 |
|a Environmental impact analysis
|z Malaysia
|
| 650 |
0 |
0 |
|a Malaysia---social conditions
|
| 700 |
0 |
1 |
|a Rospidah Ghazali
|
| 700 |
0 |
1 |
|a Sharina Abdul Halim
|
| 998 |
|
|
|a JPSM
|
| 999 |
|
|
|a 008077
|b Monograph
|c Open Shelf
|e Default branch
|